Ecología (Record no. 56424)

MARC details
000 -LEADER
campo de control de longitud fija 00568nam a2200181 i 4500
001 - NÚMERO DE CONTROL
campo de control 56424
003 - IDENTIFICADOR DE NÚMERO DE CONTROL
campo de control ES-MaACL
007 - CAMPO FIJO DE DESCRIPCIÓN FÍSICA--INFORMACIÓN GENERAL
campo de control de longitud fija t|
008 - DATOS DE LONGITUD FIJA--INFORMACIÓN GENERAL
campo de control de longitud fija 031009s1975 sp ||||1| spa d
245 00 - MENCIÓN DEL TÍTULO
Título Ecología
Resto del título : entorno técnico y biológico del hombre moderno /
Mención de responsabilidad, etc. versión y adaptación por José Sagredo.
260 ## - PUBLICACIÓN, DISTRIBUCIÓN, ETC.
Lugar de publicación, distribución, etc. Madrid :
Nombre del editor, distribuidor, etc. Rioduero,
Fecha de publicación, distribución, etc. [1975]
300 ## - DESCRIPCIÓN FÍSICA
Extensión 214 p. :
Otras características físicas il. ;
Dimensiones 20 cm.
490 1# - MENCIÓN DE SERIE
Mención de serie Diccionarios rioduero
700 1# - ENTRADA AGREGADA--NOMBRE PERSONAL
Nombre de persona Sagredo, José.
9 (RLIN) 101452
830 0# - PUNTO DE ACCESO ADICIONAL DE SERIE-TÍTULO UNIFORME
Título uniforme Diccionarios rioduero
9 (RLIN) 182581
852 ## - LOCALIZACIÓN
Ubicación ES-MaACL
Número de control de estantería E-8460
Sublocalización o colección R.92548
Holdings
Estatus retirado Estado de pérdida Estado de daño No para préstamo Biblioteca de origen Biblioteca actual Ubicación en estantería Fecha de adquisición Fuente de adquisición Total de préstamos Signatura topográfica completa Código de barras Visto por última vez Precio de reemplazo Tipo de ítem Koha
        Biblioteca del Ateneo de Madrid Biblioteca del Ateneo de Madrid Depósito 2 17/01/2008     E-8460 1059262 23/02/2023 23/02/2023 Libro impreso